000 01230cam a2200361 4500
001 143711
003 SpMaBN
005 20251011063139.0
008 841004s1983 sp a 001 spa
016 7 _abimoBNE19921537590
_zIBH8405815594
_2SpMaBN
017 _aZ 219-1983
_bOficina Depósito Legal Zaragoza
020 _a8485264584
035 _a(OCoLC)434393149
040 _aIBH
_bspa
_cSpMaBN
_erdc
_dES-MaACL
080 _a613.865
080 _a616.89-084
100 _aSeva Díaz, Antonio,
_d1940-2004
_0XX1039969
_9227284
245 1 0 _aSalud mental evolutiva /
_cAntonio Seva Díaz
260 _aZaragoza
_bLibros Pórtico
_c1983
300 _a709 p. :
_bil.,
_c24 cm
500 _aIndices
650 4 _aEnfermedades mentales
_xPrevención
_2embne
_912268
650 7 _aSalud mental
_2embne
_916972
852 _aES-MaACL
_b R.105495
_jL-5136
_9148902
_cDEPO2
942 _2udc
_cMONOGRAFIA
956 _a1 2
980 _aSpMaBN
_bBNMADRID
_j4/214655
_cSG_RECOLET
980 _aSpMaBN
_bBNMADRID
_j4/224303
_cSG_RECOLET
980 _aZ 219-1983
_aSpMaBN
_bBNALCALA
_jAHM/293055
_cSG_PETANTI
980 _aSpMaBN
_bBNALCALA
_jDL/238524
_cCONSERVACI
999 _c143711
_d143711